000 01654cam a2200433 a 4500
001 5312
003 BD-DhEWU
005 20140626154546.0
008 031212s2003 enk bdd 001 0 eng
010 _a 2003283537
020 _a0521816939
020 _a0521017122 (pbk.)
020 _a0521017130 (pbk. & CDROM)
020 _a3125396832 (Klett pbk. & CDROM)
020 _a3125396840 (Klett pbk.)
035 _a(OCoLC) BD-DhEWU
040 _aDLC
_cDLC
_dDLC
_dBD-DhEWU
_beng
041 _aeng
050 0 0 _aPE1137
_b.J55 2003
082 0 0 _a421.52
_222
_bJOE 2003
245 0 0 _aEnglish pronouncing dictionary.
246 1 4 _aCambridge English pronouncing dictionary
250 _a16th ed. /
260 _aCambridge, U.K. ;
_aNew York :
_bCambridge University Press,
_c2003.
300 _axxi, 606 p. ;
_c23 cm. +
504 _aIncludes bibliographical references (p. xviii-xix) and index.
526 _aELT
590 _aShaharima Parvin
650 0 _aEnglish language
_xPronunciation
_vDictionaries.
_913588
650 0 _aEnglish language
_xPhonetic transcriptions
_vDictionaries.
_913589
700 1 _aRoach, Peter
_q(Peter John)
_913590
700 1 _aHartman, James,
_d1939-
_913591
700 1 _aSetter, Jane.
_913592
700 1 _aJones, Daniel,
_d1881-1967.
_tEnglish pronouncing dictionary.
_913593
856 4 1 _3Sample text
_uhttp://www.loc.gov/catdir/samples/cam041/2003283537.html
856 4 2 _3Publisher description
_uhttp://www.loc.gov/catdir/description/cam041/2003283537.html
856 4 2 _3WorldCat details
_uhttp://www.worldcat.org/title/english-pronouncing-dictionary/oclc/50526226&referer=brief_results
942 _2ddc
_cREF
999 _c5312
_d5312